00000000nam##2200000za#4500
0019.688506
003CaOODSP
00520210624231445
007cr |||||||||||
008150407|2000||||xxc|||||o    f|0| 0 eng|d
040 |aCaOODSP|beng
043 |an-cn---
0861 |aSW21-47/2000E-PDF
1101 |aCanada. |bStatus of Women Canada.
24510|aSubstance use and pregnancy : |h[electronic resource]|bconceiving women in the policy making process / |c[by] Deborah Rutman ... [et al.].
260 |aOttawa - Ontario : |bStatus of Women Canada |c2000.
300 |a185p.
500 |a"This report examines how policy in Canada deals with the issue of substance use during pregnancy and suggests alternative ways of addressing this problem that may prove less polarizing and punitive toward women... This report examines a wide range of perspectives and suggests ways in which many of these perspectives can be accommodated within particular policy directions."--Preface.
500 |aThe catalogue number and ISBN for the 2000 print edition have been printed in this electronic edition.
504 |aBibliography.
5203 |aThis report examines how policy in Canada deals with the issue of substance use during pregnancy and suggests alternative ways of addressing this problem that may prove less polarizing and punitive toward women... This report examines a wide range of perspectives and suggests ways in which many of these perspectives can be accommodated within particular policy directions.--Preface
590 |a06-10-Supp|b2006-12-15
69007|aPregnancy|2gcpds
69007|aDrug addiction|2gcpds
69007|aPolicy development|2gcpds
7201 |aRutman, Deborah
77508|tIntoxicants et grossesse : |w(CaOODSP)9.632932
7760#|tSubstance use and pregnancy : |w(CaOODSP)9.647654
85640|ahttp://publications.gc.ca|qPDF|s1014 KB|uhttps://publications.gc.ca/collections/Collection/SW21-47-2000E.pdf